Everything in its place : (Record no. 171042)

MARC details
000 -LEADER
fixed length control field 00905nam a22002777a 4500
003 - CONTROL NUMBER IDENTIFIER
control field OSt
005 - DATE AND TIME OF LATEST TRANSACTION
control field 20250623115402.0
008 - FIXED-LENGTH DATA ELEMENTS--GENERAL INFORMATION
fixed length control field 240919b |||||||| |||| 00| 0 eng d
020 ## - INTERNATIONAL STANDARD BOOK NUMBER
International Standard Book Number 9781509821822 (paperback)
024 ## - OTHER STANDARD IDENTIFIER
Terms of availability USD 17
040 ## - CATALOGING SOURCE
Original cataloging agency NUST
Language of cataloging eng
Transcribing agency NUST
Modifying agency NUST
Description conventions rda
050 ## - LIBRARY OF CONGRESS CALL NUMBER
Classification number RC339.52 SAC
100 ## - MAIN ENTRY--PERSONAL NAME
Personal name Sacks, Oliver
Relator term Author
245 ## - TITLE STATEMENT
Title Everything in its place :
Remainder of title first loves and last tales /
Statement of responsibility, etc. Oliver, Sacks.
260 ## - PUBLICATION, DISTRIBUTION, ETC.
Place of publication, distribution, etc. New York :
Name of publisher, distributor, etc. Alfred A. Knopf,
Date of publication, distribution, etc. ©2019.
300 ## - PHYSICAL DESCRIPTION
Extent vi, 274 pages ;
Dimensions 22 cm.
336 ## - CONTENT TYPE
Source rdacontent
Content type term text
Content type code txt
337 ## - MEDIA TYPE
Source rdamedia
Media type term unmediated
Media type code n
338 ## - CARRIER TYPE
Source rdacarrier
Carrier type term volume
Carrier type code nc
504 ## - BIBLIOGRAPHY, ETC. NOTE
Bibliography, etc. note Includes bibliographical references and index.
650 ## - SUBJECT ADDED ENTRY--TOPICAL TERM
Form subdivision Sacks, Oliver, 1933-2015.
650 ## - SUBJECT ADDED ENTRY--TOPICAL TERM
Form subdivision Neurologists -- Biography.
650 ## - SUBJECT ADDED ENTRY--TOPICAL TERM
Form subdivision Physicians.
650 ## - SUBJECT ADDED ENTRY--TOPICAL TERM
Form subdivision Neurologists.
942 ## - ADDED ENTRY ELEMENTS (KOHA)
Source of classification or shelving scheme Library of Congress Classification
Koha item type Ordinary Loan Books
Classification part RC339.52 SAC
Call number prefix RC
Call number suffix SAC
Suppress in OPAC No
Holdings
Withdrawn status Lost status Source of classification or shelving scheme Damaged status Not for loan Collection Home library Current library Shelving location Date acquired Source of acquisition Cost, normal purchase price Total Checkouts Full call number Barcode Date last seen Accession number Cost, replacement price Price effective from Koha item type Public note
    LCC     NFIC MEDICAL MEDICAL GEN 06/23/2025 Book Aid International 17.00   RC339.52 SAC 92004054043 09/19/2024 62563 17.00 06/23/2025 BOOKS Donation
    LCC     NFIC MEDICAL MEDICAL GEN 05/29/2025 Book Aid International 17.00   RC339.52 SAC 92004054063 05/29/2025 63307 17.00 05/29/2025 BOOKS Donation